| 000 | 00367nam a22001457a 4500 | ||
|---|---|---|---|
| 020 | _a9780367434816 | ||
| 040 | _cNUST | ||
| 082 |
_a333.79 _bKOR |
||
| 100 |
_aBlok , Kornelis & Nieuwlaar Evert _991968 |
||
| 245 | _aIntroduction to Energy Analysis | ||
| 250 | _a3rd ed | ||
| 260 |
_aChennai, _bRoutledge, _c2021. |
||
| 300 |
_axxxi, 348p. _c24cm. |
||
| 942 |
_2ddc _cBK |
||
| 999 |
_c590080 _d590080 |
||